| 000 | 00452nam a2200169 4500 | ||
|---|---|---|---|
| 003 | SEACOMEC | ||
| 005 | 20250502135005.0 | ||
| 008 | 250502b |||||||| |||| 00| 0 eng d | ||
| 020 |
_a 9780074622377 _c295.00 |
||
| 040 | _aSEACOMEC | ||
| 082 |
_a621.902 _bM495 |
||
| 100 | _a Mehta, N. K. | ||
| 245 |
_aMachine Tool Design and Numerical Control/ _cN. K. Mehta |
||
| 250 | _a2nd ed | ||
| 260 |
_aNew Delhi : _bTata McGraw Hill , _c1996 |
||
| 942 | _cBOOK | ||
| 999 |
_c2258 _d2258 |
||